Wyspy Filipin - nagła śmierć - Statystyki

Ogólne statystyki
  • Ten quiz został rozwiązany 40 razy
  • Średni wynik to 7 z 11
Answers on the Grid
Answers color-coded by a green-red scale on the quiz's grid according to % correct below.
Luzon
Mindanao
Samar
Negros
Palawan
Panay
Mindoro
Leyte
Cebu
Bohol
Masbate
Honsiu
Okinawa
Tajwan
Borneo
Sumatra
Wyspa Półncona
Guam
Wake
Wyspa Melville’a
 
Statystyki odpowiedzi
Odpowiedź % Poprawnych
Panay
86%
Luzon
79%
Mindoro
79%
Bohol
71%
Leyte
71%
Mindanao
71%
Palawan
64%
Cebu
57%
Masbate
50%
Samar
50%
Negros
43%
Nie znaleziono quizów pasujących do podanych kryteriów
Rozkład punktacji
Procent ludzi z każdym wynikiem
Percentyl według liczby udzielonych odpowiedzi
Twoja historia wyników
Nie rozwiązałeś tego quizu